| 000 | 00000nam 2200000za 4500 |
| 001 | 9.816760 |
| 003 | CaOODSP |
| 005 | 20221107142323 |
| 007 | cr ||||||||||| |
| 008 | 160503s2008 xxc |o f|0| 0 eng d |
| 040 | |aCaOODSP|beng |
| 043 | |an-cn--- |
| 086 | 1 |aHP5-69/2008E-PDF |
| 110 | 2 |aPublic Health Agency of Canada. |bAudit Services Division. |
| 245 | 10|aAudit report |h[electronic resource] : |bdelegation of financial authorities. |
| 260 | |a[Ottawa] : |bPublic Health Agency of Canada, |c2008. |
| 300 | |a30 p. : |btables. |
| 500 | |aJune 2008. |
| 500 | |aIssued also in French under title: Rapport de vérification: délégation des pouvoirs financiers. |
| 500 | |aThe catalogue number (HP5-69/2008E) and ISBN (978-1-100-10027-2) for the print edition have been copied in this electronic publication. |
| 692 | 07|2gccst|aAudit |
| 775 | 08|tRapport de vérification |w(CaOODSP)9.816782 |
| 856 | 40|qPDF|s166 KB|uhttps://publications.gc.ca/collections/collection_2016/aspc-phac/HP5-69-2008-eng.pdf |